000 01272cam a2200157 4500500
005 20260308004211.0
041 _afre
042 _adc
100 1 0 _aClaesson, Annina
_eauthor
245 0 0 _aPáginas iniciales
260 _c2026.
500 _a99
520 _aAunque la hostilidad en línea hacia las y los representantes electos suscita una preocupación creciente, nuestro conocimiento empírico sobre su naturaleza y alcance sigue siendo limitado. Este estudio analiza la violencia en línea dirigida a las y los diputados franceses en Twitter (X), a partir de 4,5 millones de tuits publicados entre 2022 y 2023. Tres modelos de clasificación diseñados específicamente para este fin distinguen entre ataques personales, críticas políticas y mensajes de apoyo. Los resultados muestran que, si bien la mayoría sufre pocos ataques personales, un pequeño grupo muy visible concentra una intensa hostilidad. La visibilidad en línea y ciertas afiliaciones partidistas son los principales factores determinantes, mientras que el género influye sobre todo en la forma de los ataques.
786 0 _nSensibilités | 14 | 1 | 2026-01-16 | p. 1-5 | 2496-9087
856 4 1 _uhttps://shs.cairn.info/revista-sensibilites-2025-1-page-1?lang=es&redirect-ssocas=7080
999 _c1678141
_d1678141